| 000 | 00549nam a2200181 a 4500 | ||
|---|---|---|---|
| 001 | 000041652 | ||
| 005 | 20201002035704.0 | ||
| 008 | 131015s1971 xxu 001 0 eng d | ||
| 020 | _a0394711718 | ||
| 040 |
_aDO-SdBNP _beng _cBNPHU |
||
| 082 |
_axxxxx _bxxxxx |
||
| 100 | 1 |
_aGraham, James J. _968441 |
|
| 245 | 1 | 0 |
_aThe enemies of the poor / _cJames J. Graham. |
| 260 |
_aNew York : _bVintage book, _c1971. |
||
| 300 |
_a308 p. ; _c19 cm. |
||
| 500 | _aIncluye índice | ||
| 504 | _aIncluye referencias bibliográficas y notas al pie de las páginas | ||
| 999 |
_c41142 _d41142 |
||